Developing GIS solutions with MapObjects and Visual Basic / (Registro nro. 2680)

Detalles MARC
000 -CABECERA
Campo de control 01428cam a22003017a 4500
005 - FECHA Y HORA DE LA ULTIMA TRANSACCION
Campo de control 20160112043954.0
008 - ELEMENTOS DE LONGITUD FIJA—INFORMACION GENERAL
Campo de control 030203s2002 nyuab 001 0 eng d
020 ## - ISBN
ISBN 0766854388 (pbk.)
040 ## - FUENTE DE CATALOGACIÓN
Agencia catalogadora original COM
Agencia transcriptora COM
Agencia Modificadora GZM
-- OCLCQ
-- DLC
-- CO-BoIAVH
041 ## - IDIOMA
Código de idioma para texto/pista de sonido o título separado Inglés
042 ## - AUTHENTICATION CODE
Authentication code lccopycat
082 00 - NUMERO DE CLASIFICACION DECIMAL DEWEY
Número de clasificación 910.2855133
Número del ítem R16d
100 1# - ASIENTO PRINCIPAL--NOMBRE PERSONAL
Nombre personal Ralston, Bruce A.
245 10 - MENCION DE TITULO
Título Developing GIS solutions with MapObjects and Visual Basic /
Mención de responsabilidad Bruce A. Ralston.
260 ## - PUBLICACION, DISTRIBUCION, ETC. (PIE DE IMPRENTA)
Lugar de publicación, distribución, etc. Albany, N.Y. :
Nombre del editor, distribuidor, etc. OnWord Press,
Fecha de publicación, distribución, etc. c2002.
300 ## - DESCRIPCION FISICA
Extensión xii, 315 paginas. :
Otros detalles físicos ilustraciones., mapas ;
Dimensiones 24 x 19 cm. +
Material acompañante 1 computer optical disc (4 3/4 in.)
538 ## - NOTA DE DETALLES DEL SISTEMA
Nota de detalles del sistema System requirements: Microsoft Internet Information Server, Microsoft Peer Web Services, Microsoft Personal Web Server, Netscape Enterprise Server, or Netscape FastTrack; Unix platform: Netscape Enterprise Server or Netscape FastTrack Server).
630 00 - ASIENTO SECUNDARIO DE MATERIA - TITULO UNIFORME
Uniform title MapObjects.
630 00 - ASIENTO SECUNDARIO DE MATERIA - TITULO UNIFORME
Uniform title mapa de objetos
630 00 - ASIENTO SECUNDARIO DE MATERIA - TITULO UNIFORME
Uniform title Visual Basic.
650 #0 - ASIENTO SECUNDARIO DE MATERIA - TERMINO TEMATICO
Término temático o nombre geográfico como elemento de entrada Geographic information systems.
650 #0 - ASIENTO SECUNDARIO DE MATERIA - TERMINO TEMATICO
Término temático o nombre geográfico como elemento de entrada Sistema de información geográfica
650 #0 - ASIENTO SECUNDARIO DE MATERIA - TERMINO TEMATICO
Término temático o nombre geográfico como elemento de entrada Digital mapping.
650 #0 - ASIENTO SECUNDARIO DE MATERIA - TERMINO TEMATICO
Término temático o nombre geográfico como elemento de entrada cartografía digital.
906 ## - LOCAL DATA ELEMENT F, LDF (RLIN)
a 7
b cbc
c copycat
d 3
e ncip
f 20
g y-gencatlg
942 ## - ELEMENTOS ADICIONALES (KOHA)
Sistema de clasificación Dewey Decimal Classification
Tipo de ítem Libro
Existencias
Withdrawn status Lost status Sistema de Clasificación Damaged status No para préstamo Colección Inventariado Ubicación Permanente Ubicación actual Fecha de adquisición Fuente de Valor Total Checkouts Número topográfico Inventario / Código de Barras Date last seen Ejemplar Price effective from Forma de adquisición Tipo de material
    Dewey Decimal Classification     General Inventariado 2017 Bogotá Bogotá 11/06/2002 Amazon   LB-910.2855133 R16d 005017 04/12/2012 Ej. 1 04/12/2012 Compra Libro